LDR 00654naa#a2200181#i#450# 001 EN\INFRA-M\bibl\116345 005 20260413150437.1 011 ## _a2306-627X 100 ## _a20260303b2026####ek#y0engy0150####ca 102 ## _aRU 200 1# _aStrategic Management of Hotel Enterprises Based on Modern Digital Technologies _eJournal article 210 1# _aMoscow _cINFRA-M Academic Publishing LLC. _d2026 215 ## _a8 с. 608 ## _aJournal article _2local 675 ## _aЭкономическая политика в области туризма. Экономика туризма. 338.48 _z 700 #1 _aKoval'chuk _gA. P. 700 #1 _aYarmomedov _gI. V. 856 4# _azh-szf.ru _u